Yoga in practice / (Record no. 96467)

MARC details
000 -LEADER
fixed length control field 00621nam a22001937a 4500
005 - DATE AND TIME OF LATEST TRANSACTION
control field 20150915103926.0
010 ## - LCCN (DPL NO)
LC control number ENG-113904
020 ## - INTERNATIONAL STANDARD BOOK NUMBER
International Standard Book Number 9788121512732
Terms of availability 895.00
035 ## - SYSTEM CONTROL NUMBER
System control number EN-97436
037 ## - SOURCE OF ACQUISITION
Source of stock number/acquisition DBAD/PUB
082 ## - DEWEY DECIMAL CLASSIFICATION NUMBER
Classification number 613.7046
245 ## - TITLE STATEMENT
Title Yoga in practice /
Statement of responsibility, etc edited by David Gordon White
260 ## - PUBLICATION, DISTRIBUTION, ETC. (IMPRINT)
Place of publication, distribution, etc New Delhi
Name of publisher, distributor, etc Munshiram Manoharlal Publishers
Date of publication, distribution, etc 2014
270 ## - ADDRESS
Address PO Box 5715, 54 Rani Jhansi Road,
City New Delhi
Postal code 110055
300 ## - PHYSICAL DESCRIPTION
Extent xii,397p.
Dimensions 24cm(pbk)
500 ## - GENERAL NOTE
General note Includes bibliographical references and index
700 ## - ADDED ENTRY--PERSONAL NAME
Personal name White, David Gordon
942 ## - ADDED ENTRY ELEMENTS (KOHA)
Source of classification or shelving scheme Dewey Decimal Classification
Item type English Books
Call number suffix YOG
Classification part 613.7046
Holdings
Withdrawn status Lost status Not for loan Collection code Home library Current library Date acquired Source of acquisition Cost, normal purchase price Full call number Barcode Copy number Cost, replacement price Koha item type
    Not For Loan Non-fiction D.B.Act.Division D.B.Act.Division 25/08/2015 DBAD/Pub. 895.00 613.7046 YOG EN-97436 1 895.00 English Books

© Delhi Public Library
Hit Counter
free hit counter